000
00273nam a22001217a 4500
020
_a
0-19-577221-0
082
_a
954.912 CAR'P
100
_a
CAROE, OLAF
_9
76629
245
_a
THE PATHANS 550 BC A.D 1957
260
_a
LONDON
_b
OXFORD
_c
1976
300
_a
521P
942
_c
BK
999
_c
581975
_d
581975